MARC

LEADER 00000nam0a2200000 4500
001 281298
005 20231101235405.0
035 |a (RuTPU)RU\TPU\book\304989 
090 |a 281298 
100 |a 20150121d1985 y0rusy50 ca 
101 0 |a rus 
102 |a RU 
105 |a a j 001zy 
200 1 |a Вероятностно-статистические задачи при экспериментальном разделении множественных процессов  |e [учебное пособие]  |f А. Г. Белов, В. Я. Галкин, М. В. Уфимцев  |g Московский государственный университет им. М. В. Ломоносова (МГУ) 
210 |a Москва  |c Изд-во МГУ  |d 1985 
215 |a 140 с.  |c ил. 
320 |a Библиогр.: с. 134-138 
320 |a Список принятых сокращений и обозначений: с. 139-140 
606 1 |a Статистическое моделирование  |x (математическая статистика)  |2 stltpush  |3 (RuTPU)RU\TPU\subj\56859  |9 74743 
610 1 |a составные распределения 
610 1 |a обобщенные распределения 
610 1 |a задачи 
610 1 |a вероятностные постановки 
610 1 |a эквивалентность 
610 1 |a функции 
610 1 |a явные выражения 
610 1 |a многочлены 
610 1 |a асимптотические свойства 
610 1 |a рекуррентные формулы 
610 1 |a учебные пособия 
675 |a 519.24(075.8)  |v 4 
700 1 |a Белов  |b А. Г. 
701 1 |a Галкин  |b В. Я. 
701 1 |a Уфимцев  |b М. В. 
712 0 2 |a Московский государственный университет им. М. В. Ломоносова (МГУ)  |2 stltpush  |3 (RuTPU)RU\TPU\col\7 
801 1 |a RU  |b 63413507  |c 20150121 
801 2 |a RU  |b 63413507  |c 20170626  |g RCR 
942 |c BK